Estudio preliminar de análisis de representatividad ecosistémica de las áreas protegidas en jurisdicción de la CAR (Registro nro. 6045)

Detalles MARC
000 -CABECERA
Campo de control 01054nam a2200193 a 4500
090 ## - CLASIFICACIÓN LOCAL
Colección IAVH
Consecutivo 00765 CD-1
041 ## - IDIOMA
Código de idioma para texto/pista de sonido o título separado Español
100 ## - ASIENTO PRINCIPAL--NOMBRE PERSONAL
Nombre personal Morales Rivas, Mónica
110 ## - ASIENTO PRINCIPAL--NOMBRE CORPORATIVO
Unidad subordinad Corporación Autónoma Regional de Cundinamarca, CAR
245 ## - MENCION DE TITULO
Título Estudio preliminar de análisis de representatividad ecosistémica de las áreas protegidas en jurisdicción de la CAR
260 ## - PUBLICACION, DISTRIBUCION, ETC. (PIE DE IMPRENTA)
Lugar de publicación, distribución, etc. Bogotá
Nombre del editor, distribuidor, etc. CAR
-- Instituto Alexander von Humboldt
Fecha de publicación, distribución, etc. 2004
300 ## - DESCRIPCION FISICA
Extensión 65 p.
520 ## - NOTA DE RESUMEN, ETC.
Nota de resumen En la primera parte se hace una revisión del tema de representatividad, del marco conceptual de este trabajo y de la metodología utilizada. En la segunda parte se presenta una síntesis de los resultados alcanzados incluyendo tablas, gráficos y mapas, éstos últimos en el anexo de este informe.
650 ## - ASIENTO SECUNDARIO DE MATERIA - TERMINO TEMATICO
Término temático o nombre geográfico como elemento de entrada Biodiversidad
650 ## - ASIENTO SECUNDARIO DE MATERIA - TERMINO TEMATICO
Término temático o nombre geográfico como elemento de entrada Conservación
662 ## - ASIENTO SECUNDARIO DE MATERIA - JERARQUIA DEL NOMBRE DE LUGAR(
País o entidad mayor Colombia
Jurisdicción política de primer orden Cundinamarca
700 ## - ASIENTO SECUNDARIO - NOMBRE PERSONAL
Nombre personal Armenteras Pascual, Dolors
773 0# - Item fuente:
Host Biblionumber 5986
Host Itemnumber 9704
Asiento principal
Edición
Lugar, editorial y fecha de publicación Bogotá Informatica documental 2007
Otro identificador del ítem - Codigo de Barras 024802
Título Informes de investigaciones IAVH en PDF
Número de control del registro
Número Internacional Normalizado para Publicaciones Seriadas - ISSN
Número Internacional Normalizado para Libros - ISBN

No hay ítems disponibles.